书目信息 |
| 题名: |
管理者而非MBA
|
|
| 作者: | 明茨伯格, 著 ;杨斌 译 | |
| 分册: | ||
| 出版信息: | 北京 机械工业出版社 2005.06 |
|
| 页数: | 444页 | |
| 开本: | 25cm | |
| 丛书名: | ||
| 单 册: | ||
| 中图分类: | F270 | |
| 科图分类: | ||
| 主题词: | 企业管理--qi ye guan li | |
| 电子资源: | ||
| ISBN: | 7-111-16388-5 | |
| 000 | 01267nam0 2200289 450 | |
| 001 | 012006299372 | |
| 005 | 20060925102601.12 | |
| 010 | @a7-111-16388-5@dCNY49.80 | |
| 100 | @a20060705d2005 km y0chiy0120 ea | |
| 101 | 1 | @achi@ceng |
| 102 | @aCN@b110000 | |
| 105 | @aa z 000yy | |
| 200 | 1 | @a管理者而非MBA@Aguan li zhe er fei MBA@f享利·明茨伯格著@Fxiang li·ming ci bo ge zhu@d= Managers not MBAs,a hard look at the soft practice of managing and management development@fHenry Mintzberg@g杨斌译@Gyang bin yi@zeng |
| 210 | @a北京@c机械工业出版社@d2005.06 | |
| 215 | @a444页@c图@d25cm | |
| 305 | @a据2004年英文版译出 | |
| 306 | @a由Berrett-Koehler Publishers, Inc.授权机械工业出版社出版 | |
| 314 | @a责任者规范汉译姓: 明茨伯格 | |
| 320 | @a有书目 (第423-442页)。 | |
| 330 | @a本书第一部分讨论了教育界应该在一个严肃的教育进程中如何培养经理人,并对现行的MBA教育改革提出了实用性建议。第二部分阐述了一个经理人培训教学项目。 | |
| 510 | 1 | @aManagers not MBAse,a hard look at the soft practice of managing and management development@zeng |
| 606 | 0 | @a企业管理@Aqi ye guan li |
| 690 | @aF270@v4 | |
| 701 | 1 | @a明茨伯格,@Aming ci bo ge,@bH.@g(Mintzberg, Henry)@4著 |
| 702 | 0 | @a杨斌@Ayang bin@4译 |
| 801 | 0 | @aCN@c20060925 |
| 905 | @apdsgxy@dF270@eM803 | |
| 管理者而非MBA/享利·明茨伯格著= Managers not MBAs,a hard look at the soft practice of managing and management development/Henry Mintzberg/杨斌译.-北京:机械工业出版社,2005.06 |
| 444页:图;25cm |
| ISBN 7-111-16388-5:CNY49.80 |
| 本书第一部分讨论了教育界应该在一个严肃的教育进程中如何培养经理人,并对现行的MBA教育改革提出了实用性建议。第二部分阐述了一个经理人培训教学项目。 |
| ● |
| 相关链接 |
|
|
|
正题名:管理者而非MBA
索取号:F270/M803
 
预约/预借
| 序号 | 登录号 | 条形码 | 馆藏地/架位号 | 状态 | 备注 |
| 1 | 594292 | 205942925 | 社科库409/409社科库 84排2列3层/ [索取号:F270/M803] | 在馆 | |
| 2 | 594293 | 205942934 | 社科二线422/422社科库 26排1列1层/ [索取号:F270/M803] | 在馆 | |
| 3 | 594294 | 205942943 | 社科二线422/422社科库 26排3列1层/ [索取号:F270/M803] | 在馆 |